<A> közlekedés áruszállítási teljesítményeinek vizsgálata, az áruszállítási rendszerek fejlesztésének várható irányai.
Vznik trhových podmienok v preprave tovarov v Maďarsku. Zmena štruktúry prepravovaných tovarov. Podiel a perspektívy železničnej, riečnej, cestovnej, leteckej a potrubnej prepravy. Adaptácia maďarského prepravného systému na podmienky európskej dopravnej infraštruktúry. Rozvoj kontajnerovej prepravy...
Salvato in:
| Autore principale: | |
|---|---|
| Natura: | Capitolo di libro |
| Lingua: | ungherese |
| Soggetti: | |
| Tags: |
Nessun Tag, puoi essere il primo ad aggiungerne!!
|
MARC
| LEADER | 00000naa a2200000 4500 | ||
|---|---|---|---|
| 001 | r011222 | ||
| 005 | 20221125113523.8 | ||
| 041 | 0 | |a hun | |
| 044 | |a HU | ||
| 245 | 1 | 0 | |a <A> közlekedés áruszállítási teljesítményeinek vizsgálata, az áruszállítási rendszerek fejlesztésének várható irányai. |c J. Prezenszki |
| 520 | |a Vznik trhových podmienok v preprave tovarov v Maďarsku. Zmena štruktúry prepravovaných tovarov. Podiel a perspektívy železničnej, riečnej, cestovnej, leteckej a potrubnej prepravy. Adaptácia maďarského prepravného systému na podmienky európskej dopravnej infraštruktúry. Rozvoj kontajnerovej prepravy. Logistické služby. | ||
| 610 | 2 | 0 | |a preprava |
| 610 | 2 | 0 | |a tovar |
| 610 | 2 | 0 | |a mechanizmus trhový |
| 610 | 2 | 0 | |a MR |
| 610 | 2 | 0 | |a doprava |
| 610 | 2 | 0 | |a infraštruktúra |
| 610 | 2 | 0 | |a adaptácia |
| 610 | 2 | 0 | |a doprava kontajnerová |
| 610 | 2 | 0 | |a logistika |
| 100 | 1 | |a Prezenszki, J. | |